Angyal segíti az újszülöttmentőket

Elmentve itt :
Bibliográfiai részletek
Dokumentumtípus: Cikk
Megjelent: 2012-09-12
Sorozat:Délmagyarország
Kulcsszavak:Pintér Sándor
Online Access:http://univ.bibl.u-szeged.hu/41550
LEADER 00436nab a2200157 i 4500
001 univ41550
005 20171214104054.0
008 171214s2012 hu o 0|| zxx d
040 |a SZTE UnivHistória Repozitórium  |b hun 
041 |a zxx 
245 0 0 |a Angyal segíti az újszülöttmentőket  |h [elektronikus dokumentum] 
260 |c 2012-09-12 
300 |a 3 
490 0 |a Délmagyarország 
561 |a Egyetemi hirarchívum 
695 |a Pintér Sándor